000 00606nam a22001817a 4500
005 20231130073307.0
008 231130b |||||||| |||| 00| 0 eng d
020 _a9781485137542
041 _aEnglish
082 _a346.3 COR
100 _aCorbett, P ; Potgieter C and Daffue, J
_lEnglish
245 _aThe Quantum of Damages in Bodily and Fatal Injury /
_cP Corbett, C Potgieter and J Daffue
250 _aFirst Edition
260 _aCape Town :
_bJuta and Company Ltd,
_c2020
300 _blxxvii,
_c27 cm.
650 _aLegal practice
_bLaw
942 _cBK
_6ALISON_BN_VRIES
999 _c1075
_d1075